| 000 | 00424nam a2200193Ia 4500 | ||
|---|---|---|---|
| 003 | 0100 | ||
| 008 | 130303s9999 xx 000 0 und d | ||
| 040 | _cARRUPELIB | ||
| 050 | _aBX830.1962A8N63 1964 | ||
| 100 | _aNovak, Michael | ||
| 245 | 4 | _aThe open Church | |
| 245 | _bVatican II, Act II | ||
| 260 | _aNew York | ||
| 260 | _bMacmillan | ||
| 260 | _C1964 | ||
| 300 | _a370p. | ||
| 300 | _b 22cm. | ||
| 942 | 0 | 0 | _01 |
| 999 |
_c41595 _d41595 |
||